00996nam a2200265 a 450000100060000000300080000600500170001400800410003103500190007204000420009104100080013308200280014110000290016924501140019826000570031230000330036950000190040265000390042165000420046070000320050274000330053494200120056799900170057995201340059645404BD-RjUL20211209054016.0500101s1933 enka b 001 0 eng d a(BD-RjUL)45522 aDLCcGUAdGUAdNRCdEQOdBD-RjULbeng aeng 223a338.10942bASP 19331 aAstor, Viscount,913902114aThe planning of agriculture /cby Viscount Astor and Keith A. H. Murray. With a foreword by Sir Arthur Salter aLondon :bOxford University Press, H. Milford,c1933 axvi, 186 p. :bill. ;c23 cm aIncludes index 0aAgriculturezGreat Britain9134314 0aAgriculturexEconomic aspects91390221 aMurray, Kelth A. H.91390230 aAgriculture, the planning of 2ddccBK c45404d45404 00102ddc40708NFICaRUCLbRUCLcStackd1963-01-11eA.I.g7.60l0o338.10942 ASP 1933r2016-07-26 00:00:00tC-2w2016-07-26yBK